| 000 | 00675nam a2200229Ia 4500 | ||
|---|---|---|---|
| 005 | 20230710131616.0 | ||
| 008 | 131103s9999 xx 000 0 und d | ||
| 020 |
_a019563767 4 _cRs.395 |
||
| 040 | _aLoreto College | ||
| 041 | _aEnglish | ||
| 082 |
_a572 _bROB |
||
| 245 | 4 |
_aThe concept of race in South Asia _cedited by Peter Robb |
|
| 260 |
_aDelhi _bOxford University Press _c1995 |
||
| 300 | _aix, 354 p. | ||
| 440 | _aSoas studies on south Asia | ||
| 504 | _aIncludes biblography | ||
| 650 | _aAnthropology - Indigenous, racial, ethnic, national groups. | ||
| 651 | _aCulture and institutions | ||
| 700 | _aRobb, Peter,ed. | ||
| 850 | _aLCLIB | ||
| 942 | _cBK | ||
| 999 |
_c1690 _d52169 |
||